| 000 | 00626nam a22002057a 4500 | ||
|---|---|---|---|
| 005 | 20250128121631.0 | ||
| 010 | _aENG-143640 | ||
| 020 |
_a9789356748569 _c825.00 |
||
| 035 | _aEN-127172 | ||
| 037 | _bDBAD | ||
| 082 | _a332.63 | ||
| 100 |
_aMukherjee, Subrata _977190 |
||
| 245 |
_a Investment Management: _cby Subrata Mukherjee _bText, Problems and Cases/ |
||
| 250 | _a2 | ||
| 260 |
_aNew Delhi _bVikas Publishing House _c2024 |
||
| 270 |
_a7361, Ravindra Mansion, Ram Nagar, _bNew Delhi _e110002 |
||
| 300 |
_a662p. _c26cm.(pb) |
||
| 500 | _aIt includes index | ||
| 942 |
_2ddc _cEN _mMUK _h332.63 |
||
| 999 |
_c208833 _d208833 |
||